书目信息 |
| 题名: |
建设工程监理
|
|
| 作者: | 乔守江 , 魏应乐 主编 | |
| 分册: | ||
| 出版信息: | 北京 中国水利水电出版社 2014 |
|
| 页数: | 262页 | |
| 开本: | 26cm | |
| 丛书名: | ||
| 单 册: | ||
| 中图分类: | TU712.2 | |
| 科图分类: | ||
| 主题词: | 建筑工程--监理工作--高等教育--教材 , 建筑工程 , 监理工作 | |
| 电子资源: | ||
| ISBN: | 978-7-5170-1685-4 | |
| 000 | 00976nam0 2200265 450 | |
| 001 | 141732 | |
| 005 | 20141111123217.43 | |
| 010 | @a978-7-5170-1685-4@dCNY 39.00 | |
| 100 | @a20140319d2014 em y0chiy50 ea | |
| 101 | 0 | @achi |
| 102 | @aCN@b110000 | |
| 105 | @ay z 000yy | |
| 200 | 1 | @a建设工程监理@9jian she gong cheng jian li@b专著@f魏应乐,乔守江主编 |
| 210 | @a北京@c中国水利水电出版社@d2014 | |
| 215 | @a262页@d26cm | |
| 300 | @a普通高等教育“十二五”规划教材 | |
| 330 | @a本书包括建设工程监理制度、监理工程师与工程监理企业、建设工程目标控制、建设工程监理组织、建设监理规划、建筑工程风险管理、建筑工程安全监理、建设工程监理的合同与信息管理、国外工程项目管理相关情况介绍9章内容。 | |
| 606 | 0 | @a建筑工程@x监理工作@x高等教育@j教材 |
| 606 | 0 | @a建筑工程 |
| 606 | 0 | @a监理工作 |
| 690 | @aTU712.2@v5 | |
| 701 | 0 | @a乔守江@9qiao shou jiang@f(1982~)@4主编 |
| 701 | 0 | @a魏应乐@9wei ying le@f(1966~)@4主编 |
| 801 | 0 | @c20141111 |
| 905 | @a241430@dTU712.2@eW6051 | |
| 建设工程监理/魏应乐,乔守江主编.-北京:中国水利水电出版社,2014 |
| 262页;26cm |
| 普通高等教育“十二五”规划教材 |
| ISBN 978-7-5170-1685-4:CNY 39.00 |
| 本书包括建设工程监理制度、监理工程师与工程监理企业、建设工程目标控制、建设工程监理组织、建设监理规划、建筑工程风险管理、建筑工程安全监理、建设工程监理的合同与信息管理、国外工程项目管理相关情况介绍9章内容。 |
| ● |
| 相关链接 |
|
|
|
正题名:建设工程监理
索取号:TU712.2/W6051
 
预约/预借
| 序号 | 登录号 | 条形码 | 馆藏地/架位号 | 状态 | 备注 |
| 1 | 0838812 | 208388127 | 建筑库201/201建筑库 23排4列4层/ [索取号:TU712.2/W6051] | 在馆 | |
| 2 | 0838813 | 208388136 | 建筑库201/201建筑库 23排4列5层/ [索取号:TU712.2/W6051] | 在馆 | |
| 3 | 0838814 | 208388145 | 建筑库201/201建筑库 23排4列4层/ [索取号:TU712.2/W6051] | 在馆 |